[Event "Bodensee op"]
[Site "Bregenz"]
[Date "2023.05.18"]
[Round "6"]
[White "Hoellrigl, Wilfried"]
[Black "Siegel, Adam"]
[Result "0-1"]
[WhiteElo "2141"]
[BlackElo "1864"]
[PlyCount "74"]
[EventDate "2023.05.13"]
[EventType "swiss"]
[EventRounds "9"]
[EventCountry "AUT"]
[SourceTitle "CBM 215 Extra"]
[Source "ChessBase"]
[SourceDate "2023.09.30"]
[SourceVersion "1"]
[SourceVersionDate "2023.09.30"]
[SourceQuality "1"]

1. e4 c5 2. Nf3 e6 3. c3 d5 4. e5 d4 5. Bd3 Nc6 6. 0-0 Nge7 7. Qe2 Ng6 8. g3 Rb8 9. b3 Be7 10. Bb2 0-0 11. cxd4 cxd4 12. Na3 f6 13. Bxg6 hxg6 14. exf6 Bxf6 15. Qe4 e5 16. g4 Bg5 17. Nxe5 Rf4 18. Nxc6 bxc6 19. Qe5 Rxg4+ 20. Kh1 Bf5 21. f3 Bf6 22. Qc5 Rh4 23. Nc4 Be6 24. d3 Bf5 25. Rad1 Qd7 26. Ba3 Re8 27. Qd6 Re2 28. Qb8+ Kh7 29. Bd6 Qe6 30. Bg3 Rh3 31. Qxa7 Rxg3 32. hxg3 Bxd3 33. g4 Bxc4 34. Qb8 Be5 35. Qd8 Rh2+ 36. Kg1 Bxf1 37. Rxf1 Bf4 0-1